Chronique de Charles VII, roi de France, (Record no. 14544)
[ view plain ]
| 000 -LEADER | |
|---|---|
| fixed length control field | 00837cam a22002291 4500 |
| 001 - CONTROL NUMBER | |
| control field | ca 11002689 |
| 003 - CONTROL NUMBER IDENTIFIER | |
| control field | DLC |
| 005 - DATE AND TIME OF LATEST TRANSACTION | |
| control field | 20260227111056.0 |
| 008 - FIXED-LENGTH DATA ELEMENTS--GENERAL INFORMATION | |
| fixed length control field | 740724s1858 fr 000 0 fre |
| 010 ## - LIBRARY OF CONGRESS CONTROL NUMBER | |
| LC control number | ca 11002689 |
| 035 ## - SYSTEM CONTROL NUMBER | |
| System control number | (OCoLC)961065 |
| 040 ## - CATALOGING SOURCE | |
| Original cataloging agency | DLC |
| Transcribing agency | TxArU |
| Modifying agency | FTaSU |
| -- | DLC |
| 050 00 - LIBRARY OF CONGRESS CALL NUMBER | |
| Classification number | PQ1103 |
| Item number | .B5 vol. 19-21 |
| 100 1# - MAIN ENTRY--PERSONAL NAME | |
| Personal name | Chartier, Jean, |
| Dates associated with a name | active 15th century. |
| 245 10 - TITLE STATEMENT | |
| Title | Chronique de Charles VII, roi de France, |
| Statement of responsibility, etc. | par Jean Chartier. |
| 250 ## - EDITION STATEMENT | |
| Edition statement | Nouv. éd. rev. |
| Remainder of edition statement | sur les manuscrits, suivie de divers fragmens inédits, pub. avec notes, notices et éclaircissemens par Vallet de Viriville. |
| 260 ## - PUBLICATION, DISTRIBUTION, ETC. | |
| Place of publication, distribution, etc. | Paris, |
| Name of publisher, distributor, etc. | P. Jannet, |
| Date of publication, distribution, etc. | 1858. |
| 300 ## - PHYSICAL DESCRIPTION | |
| Extent | 3 v. |
| Dimensions | 16 cm. |
| 440 #0 - SERIES STATEMENT/ADDED ENTRY--TITLE | |
| Title | Bibliothèque elzévirienne |
| 600 00 - SUBJECT ADDED ENTRY--PERSONAL NAME | |
| Personal name | Charles |
| Numeration | VII, |
| Titles and other words associated with a name | King of France, |
| Dates associated with a name | 1403-1461. |
| 700 2# - ADDED ENTRY--PERSONAL NAME | |
| Personal name | Vallet de Viriville, Auguste, |
| Dates associated with a name | 1815-1868. |
No items available.